Estrategia operacional del Fondo para el Medio Ambiente Mundial / (Registro nro. 1030)

Detalles MARC
000 -CABECERA
Campo de control 00730cam a2200217 a 4500
005 - FECHA Y HORA DE LA ULTIMA TRANSACCION
Campo de control 20180803164851.0
008 - ELEMENTOS DE LONGITUD FIJA—INFORMACION GENERAL
Campo de control 021203s1996 us r 00010 spa d
020 ## - ISBN
ISBN 1884122175
040 ## - FUENTE DE CATALOGACIÓN
Agencia catalogadora original la
Agencia transcriptora la
Agencia Modificadora CO-BoIAVH
041 0# - IDIOMA
Código de idioma para texto/pista de sonido o título separado Español
044 ## - PAÍS DE PUBLICACIÓN
País de publicación Colombia
082 04 - NUMERO DE CLASIFICACION DECIMAL DEWEY
Número de clasificación 333.72
Número del ítem F67e
110 2# - ASIENTO PRINCIPAL--NOMBRE CORPORATIVO
Nombre corporativo o de jurisdicción como elemento de entrada Fondo para el Medio Ambiente Mundial
9 (RLIN) 10280
245 10 - MENCION DE TITULO
Título Estrategia operacional del Fondo para el Medio Ambiente Mundial /
Mención de responsabilidad Fondo para el Medio Ambiente Mundial.
260 ## - PUBLICACION, DISTRIBUCION, ETC. (PIE DE IMPRENTA)
Lugar de publicación, distribución, etc. Washington (EE.UU.) :
Nombre del editor, distribuidor, etc. Global Environment Facility,
Fecha de publicación, distribución, etc. 1996.
300 ## - DESCRIPCION FISICA
Extensión viii, 85 páginas ;
Dimensiones 27 x 21 cm.
650 26 - ASIENTO SECUNDARIO DE MATERIA - TERMINO TEMATICO
Término temático o nombre geográfico como elemento de entrada Política ambiental
9 (RLIN) 85200
650 26 - ASIENTO SECUNDARIO DE MATERIA - TERMINO TEMATICO
Término temático o nombre geográfico como elemento de entrada Protección ambiental
9 (RLIN) 85201
650 26 - ASIENTO SECUNDARIO DE MATERIA - TERMINO TEMATICO
Término temático o nombre geográfico como elemento de entrada Gestión ambiental
9 (RLIN) 92206
942 ## - ELEMENTOS ADICIONALES (KOHA)
Sistema de clasificación Dewey Decimal Classification
Tipo de ítem Libro
Existencias
Withdrawn status Lost status Sistema de Clasificación Damaged status No para préstamo Colección Inventariado Ubicación Permanente Ubicación actual Fecha de adquisición Fuente de Valor Valor Total Checkouts Número topográfico Inventario / Código de Barras Date last seen Ejemplar Price effective from Forma de adquisición Tipo de material
    Dewey Decimal Classification     General Inventariado 2017 Sala Fabio Quevedo Sala Fabio Quevedo 20/01/1999 Instituto 39000.00   LB-333.72 F67e 001411 04/12/2012 Ej. 1 04/12/2012 Donación Libro